000 00599nam a2200193 i 4500
001 132496
003 ES-MaACL
005 20250911063552.0
007 t|
008 070214s1948 sp r ||||1| spa d
080 _a821.134.2-14"19"
100 1 _aRomero Murube, Joaquín,
_d1904-1969
_999419
245 1 0 _aTierra y canción /
_cJoaquín Romero Murube ; ilustraciones de Escassi.
260 _aMadrid :
_bEd. Nacional,
_c1948.
300 _a134 p., 2 lám. :
_bil. ;
_c25 cm.
700 1 _aEscassi, José R.
_947525
852 _aES-MaACL
_jC-5267
_bR.25843
999 _c132496
_d132496